Statistics for Name the Famous Landmarks

Click here to take the quiz!

General Stats

  • This quiz has been taken 20 times
  • The average score is 13 of 16

Answer Stats

Answer% Correct
Christ the Redeemer
100%
Great Wall of China
94%
Taj Mahal
94%
Eiffel Tower
89%
Hagia Sophia
89%
Niagara Falls
89%
Big Ben
83%
Golden Gate Bridge
83%
Statue of Liberty
83%
Uluru
83%
Brandenburg Gate
78%
Colloseum
78%
Sagrada Familia
67%
St. Basil's Cathedral
67%
Terracotta Army
67%
Alamo
44%

Score Distribution

Percentile by Number Answered

Percent of People with Each Score

Your Score History

You have not taken this quiz